00668nam a2200217Ia 4500008004100000020001800041050001600059050001800075100002500093245003300118245006800151250001600219260001700235260002600252260000900278300001600287300002000303300001100323500005100334650006500385160418s9999 xx 000 0 und d a971-574-067-7 aFIL PE 1112 b.V55 2003 c.1 aVillanueva, Perla M. aWriting skills for college / cPerla M. Villanueva, Dolores C. Acurantes, Roberta C. Aranzaso. a2nd Edition aQuezon City: bKatha Pub. Co., Inc., c2003 a217 pages : billustrations ; c25 cm. aIncludes bibliographical references and index. aEnglish language -- Rhetoric -- Study and teaching (Higher).